[Event "c14"]
[Site "?"]
[Date "2020.08.25"]
[Round "4.4"]
[White "Malek, Jan"]
[Black "Rog, Bartlomiej"]
[Result "1/2-1/2"]
[BlackElo "1550"]
[WhiteElo "1843"]
[LiveChessVersion "1.4.8"]

1. e4 {[%clk 0:15:18]} c5 {[%clk 0:15:20]} 2. Nf3 {[%clk 0:15:14]} d6
{[%clk 0:15:29]} 3. c3 {[%clk 0:15:22]} Nf6 {[%clk 0:15:36]} 4. Be2
{[%clk 0:15:30]} Nc6 {[%clk 0:15:42]} 5. d4 {[%clk 0:15:38]} e6 {[%clk 0:15:07]}
6. d5 {[%clk 0:15:21]} exd5 7. exd5 {[%clk 0:15:25]} Ne5 {[%clk 0:15:14]} 8. O-O
{[%clk 0:14:42]} Nxf3+ {[%clk 0:15:17]} 9. Bxf3 {[%clk 0:14:49]} Be7
{[%clk 0:15:22]} 10. Bf4 {[%clk 0:14:30]} Bf5 {[%clk 0:15:15]} 11. Re1
{[%clk 0:14:21]} O-O {[%clk 0:15:22]} 12. Nd2 {[%clk 0:14:26]} b5
{[%clk 0:14:58]} 13. a4 {[%clk 0:14:32]} bxa4 {[%clk 0:12:41]} 14. Nc4
{[%clk 0:14:07]} Re8 {[%clk 0:12:50]} 15. Rxa4 {[%clk 0:13:54]} Qd7
{[%clk 0:12:44]} 16. Qa1 {[%clk 0:13:21]} Qc7 {[%clk 0:12:32]} 17. h3
{[%clk 0:13:08]} Bd3 {[%clk 0:10:19]} 18. Nd2 {[%clk 0:09:55]} Reb8
{[%clk 0:08:27]} 19. Re3 {[%clk 0:09:16]} Bc2 {[%clk 0:08:09]} 20. Ra6
{[%clk 0:09:18]} Bf8 {[%clk 0:07:44]} 21. Nc4 {[%clk 0:08:59]} Ne8
{[%clk 0:07:33]} 22. Rc6 {[%clk 0:07:16]} Qd7 {[%clk 0:06:36]} 23. Qa6
{[%clk 0:06:31]} Qf5 {[%clk 0:05:56]} 24. Bg3 {[%clk 0:04:24]} Bb3
{[%clk 0:04:04]} 25. Be4 {[%clk 0:03:54]} Bxc4 {[%clk 0:03:47]} 26. Qxc4
{[%clk 0:03:52]} Qd7 {[%clk 0:03:56]} 27. b4 {[%clk 0:02:32]} cxb4
{[%clk 0:03:56]} 28. cxb4 {[%clk 0:02:41]} Qb7 {[%clk 0:03:13]} 29. Rb3
{[%clk 0:02:25]} a5 {[%clk 0:03:22]} 30. b5 {[%clk 0:01:56]} a4 {[%clk 0:03:31]}
31. Rb1 {[%clk 0:02:05]} a3 {[%clk 0:03:31]} 32. b6 {[%clk 0:01:45]} a2
{[%clk 0:03:12]} 33. Ra1 {[%clk 0:01:54]} Qa6 {[%clk 0:03:22]} 34. Qxa6
{[%clk 0:01:29]} Rxa6 35. b7 {[%clk 0:01:33]} Ra7 {[%clk 0:03:08]} 36. Rc8
{[%clk 0:01:32]} Raxb7 {[%clk 0:03:17]} 37. Rxb8 {[%clk 0:01:40]} Rxb8
{[%clk 0:03:26]} 38. Rxa2 {[%clk 0:01:48]} g6 {[%clk 0:03:13]} 39. Ra7
{[%clk 0:01:36]} Nf6 {[%clk 0:03:19]} 40. Bf3 {[%clk 0:01:44]} Rb1+
{[%clk 0:03:03]} 41. Kh2 {[%clk 0:01:52]} Rb5 {[%clk 0:03:12]} 42. Ra8
{[%clk 0:02:01]} Kg7 {[%clk 0:03:21]} 43. Ra6 {[%clk 0:01:08]} Nxd5
{[%clk 0:03:24]} 44. Bxd6 {[%clk 0:01:15]} Bxd6+ {[%clk 0:03:18]} 45. Rxd6
{[%clk 0:01:22]} Nf6 {[%clk 0:02:53]} 46. g4 {[%clk 0:01:26]} Rb2
{[%clk 0:02:39]} 47. Kg3 {[%clk 0:01:30]} Rb3 {[%clk 0:02:48]} 48. Rd4
{[%clk 0:01:22]} h5 {[%clk 0:02:22]} 49. g5 {[%clk 0:01:30]} h4+ {[%clk 0:02:31]}
50. Rxh4 {[%clk 0:01:38]} Nh7 {[%clk 0:02:39]} 51. Rg4 {[%clk 0:01:40]} f5
{[%clk 0:02:40]} 52. gxf6+ {[%clk 0:01:44]} Nxf6 {[%clk 0:02:49]} 53. Ra4
{[%clk 0:01:49]} Nh5+ {[%clk 0:02:45]} 54. Kg2 {[%clk 0:01:56]} Kh6
{[%clk 0:02:51]} 55. h4 {[%clk 0:01:49]} Rb6 {[%clk 0:02:44]} 56. Rg4
{[%clk 0:01:46]} Nf6 {[%clk 0:02:36]} 57. Rg5 {[%clk 0:01:53]} Rb4
{[%clk 0:02:25]} 58. Kh3 {[%clk 0:01:13]} Rf4 {[%clk 0:02:24]} 59. Kg3
{[%clk 0:01:08]} Rb4 {[%clk 0:02:31]} 60. Re5 {[%clk 0:01:11]} Nh5+
{[%clk 0:02:36]} 61. Bxh5 {[%clk 0:00:35]} gxh5 {[%clk 0:02:45]} 62. Re6+
{[%clk 0:00:44]} Kg7 {[%clk 0:02:54]} 63. f3 {[%clk 0:00:53]} Ra4
{[%clk 0:02:44]} 64. Re4 {[%clk 0:01:01]} Ra1 {[%clk 0:02:29]} 65. Kf4
{[%clk 0:01:04]} Kf6 {[%clk 0:02:27]} 66. Rb4 {[%clk 0:01:13]} Ra6
{[%clk 0:02:29]} 67. Ke4 {[%clk 0:01:16]} Re6+ {[%clk 0:02:23]} 68. Kd5
{[%clk 0:01:08]} Kf5 {[%clk 0:01:38]} 69. Re4 {[%clk 0:00:48]} Ra6
{[%clk 0:01:13]} 70. Kd4 {[%clk 0:00:19]} Ra4+ {[%clk 0:01:01]} 71. Ke3
{[%clk 0:00:26]} Ra3+ {[%clk 0:01:10]} 72. Kf2 {[%clk 0:00:36]} Ra2+
{[%clk 0:01:05]} 73. Kg3 {[%clk 0:00:45]} Ra6 {[%clk 0:01:01]} 74. Rb4
{[%clk 0:00:51]} Kf6 {[%clk 0:00:42]} 75. Rb8 {[%clk 0:00:59]} Ra4
{[%clk 0:00:38]} 76. Rg8 {[%clk 0:01:04]} Ra5 {[%clk 0:00:43]} 77. Kh3
{[%clk 0:00:51]} Ra3 {[%clk 0:00:30]} 78. Kg2 {[%clk 0:00:59]} Ra2+
{[%clk 0:00:38]} 79. Kg3 {[%clk 0:01:07]} Ra5 {[%clk 0:00:43]} 80. Rb8
{[%clk 0:00:44]} Kg6 {[%clk 0:00:50]} 81. Rb6+ {[%clk 0:00:53]} Kg7
{[%clk 0:00:56]} 82. Kf4 {[%clk 0:01:01]} Rc5 {[%clk 0:00:27]} 83. Re6
{[%clk 0:01:09]} Ra5 {[%clk 0:00:21]} 84. Re5 {[%clk 0:01:17]} Ra4+
{[%clk 0:00:30]} 85. Kg5 {[%clk 0:01:26]} Ra3 {[%clk 0:00:40]} 86. f4
{[%clk 0:01:35]} Rg3+ {[%clk 0:00:31]} 87. Kxh5 {[%clk 0:01:39]} Ra3
{[%clk 0:00:40]} 88. Rf5 {[%clk 0:01:44]} Ra4 {[%clk 0:00:40]} 89. Kg5
{[%clk 0:01:50]} Ra1 {[%clk 0:00:49]} 90. Rb5 {[%clk 0:01:58]} Rg1+
{[%clk 0:00:49]} 91. Kf5 {[%clk 0:02:07]} Ra1 {[%clk 0:00:47]} 92. Rb6
{[%clk 0:02:09]} Ra5+ {[%clk 0:00:49]} 93. Kg4 {[%clk 0:02:18]} Ra1
{[%clk 0:00:57]} 94. f5 {[%clk 0:02:18]} Rg1+ {[%clk 0:01:05]} 95. Kh5
{[%clk 0:02:26]} Rf1 {[%clk 0:01:04]} 96. Rg6+ {[%clk 0:02:30]} Kh7
{[%clk 0:00:52]} 97. Kg5 {[%clk 0:02:35]} Rg1+ {[%clk 0:01:01]} 98. Kf6
{[%clk 0:02:44]} Ra1 {[%clk 0:01:09]} 99. h5 {[%clk 0:02:43]} Ra6+
{[%clk 0:01:14]} 100. Kg5 {[%clk 0:02:52]} Ra1 {[%clk 0:01:23]} 101. f6
{[%clk 0:02:57]} Rg1+ {[%clk 0:01:31]} 102. Kf5 {[%clk 0:03:05]} Rf1+
{[%clk 0:01:40]} 103. Ke6 {[%clk 0:03:14]} Re1+ {[%clk 0:01:49]} 104. Kf7
{[%clk 0:03:23]} Ra1 {[%clk 0:01:58]} 105. Rg7+ {[%clk 0:03:26]} Kh6
{[%clk 0:01:09]} 106. Rg6+ {[%clk 0:03:24]} Kh7 {[%clk 0:01:04]} 107. Ke6
{[%clk 0:03:14]} Re1+ {[%clk 0:01:09]} 108. Kf5 {[%clk 0:03:19]} Rf1+
{[%clk 0:01:17]} 109. Kg4 {[%clk 0:03:27]} Rg1+ {[%clk 0:01:25]} 110. Kf5
{[%clk 0:03:33]} Rf1+ {[%clk 0:01:35]} 111. Ke5 {[%clk 0:03:42]} Re1+
{[%clk 0:01:44]} 112. Kd4 {[%clk 0:03:49]} Rd1+ {[%clk 0:00:45]} 113. Kc5
{[%clk 0:03:57]} Rf1 {[%clk 0:00:37]} 114. Kd6 {[%clk 0:04:06]} Rd1+
{[%clk 0:00:46]} 115. Ke7 {[%clk 0:04:15]} Re1+ {[%clk 0:00:55]} 116. Kf8
{[%clk 0:04:24]} Ra1 {[%clk 0:00:40]} 117. f7 {[%clk 0:04:32]} Ra8+
{[%clk 0:00:34]} 118. Ke7 {[%clk 0:04:41]} Ra7+ {[%clk 0:00:44]} 119. Ke6
{[%clk 0:04:50]} Ra6+ {[%clk 0:00:51]} 120. Kd5 {[%clk 0:04:59]} Ra5+
{[%clk 0:00:57]} 121. Kc6 {[%clk 0:05:06]} Rf5 {[%clk 0:01:00]} 122. Kd6
{[%clk 0:05:10]} 1/2-1/2

[Event "c14"]
[Site "?"]
[Date "2020.08.25"]
[Round "4.5"]
[White "Cieply, Krzysztof"]
[Black "Paprocki, Antoni"]
[Result "0-1"]
[BlackElo "1843"]
[WhiteElo "1667"]
[LiveChessVersion "1.4.8"]

1. d4 Nf6 2. Nf3 e6 3. Bf4 b6 4. e3 Bb7 5. Be2 g6 6. O-O Bg7 7. c3 O-O 8. Nbd2 d6
9. h3 Nbd7 10. Qc2 Qe7 11. Bh2 e5 12. dxe5 dxe5 13. e4 Ne8 14. Rfe1 Nd6 15. Bf1
Rad8 16. Nc4 f5 17. Nxd6 cxd6 18. exf5 Bxf3 19. gxf3 gxf5 20. Be2 Kh8 21. Kh1 Qh4
22. Bf1 Nc5 23. Rad1 Ne6 24. Bg2 Ng5 25. Rg1 f4 26. Qe2 Rf6 27. Rd2 e4 28. Rd5
Rh6 29. Rxg5 Qxg5 30. Qxe4 Be5 31. Bf1 Qf6 32. Qd5 Qe6 33. Qxe6 Rxe6 34. Bd3 Rf6
35. Rg4 Rc8 36. Be4 b5 37. Bd5 b4 38. c4 a5 39. h4 a4 40. b3 axb3 41. axb3 Rg6
42. Kg2 Rxg4+ 43. fxg4 Rc7 44. Kf3 Ra7 45. Bc6 Ra3 46. Bxf4 Rxb3+ 47. Ke4 Bxf4
48. Kxf4 Rc3 49. Bd5 b3 50. Be4 b2 51. Kf5 Rxc4 52. Bd3 Rc1 53. g5 b1=Q 54. Bxb1
Rxb1 55. f4 Re1 56. Kf6 d5 57. f5 d4 58. h5 d3 59. Kf7 Re5 60. Kf6 Rxf5+ 61. Kxf5
d2 0-1

[Event "c14"]
[Site "?"]
[Date "2020.08.25"]
[Round "4.6"]
[White "Kutowski, Marcel"]
[Black "Paszkowski, Krystian"]
[Result "1-0"]
[BlackElo "1727"]
[WhiteElo "1819"]
[LiveChessVersion "1.4.8"]

1. e4 c5 {[%clk 0:15:19]} 2. Nf3 {[%clk 0:15:26]} e6 {[%clk 0:15:27]} 3. d4
{[%clk 0:15:24]} cxd4 {[%clk 0:15:36]} 4. Nxd4 {[%clk 0:15:32]} a6
{[%clk 0:15:44]} 5. c4 {[%clk 0:15:33]} Nf6 {[%clk 0:15:52]} 6. Nc3
{[%clk 0:15:39]} Bb4 {[%clk 0:16:00]} 7. Qd3 {[%clk 0:14:15]} Qc7
{[%clk 0:16:07]} 8. f3 {[%clk 0:13:40]} d5 {[%clk 0:11:21]} 9. exd5
{[%clk 0:11:40]} exd5 {[%clk 0:11:27]} 10. a3 {[%clk 0:11:08]} Bxc3+
{[%clk 0:11:14]} 11. Qxc3 {[%clk 0:10:51]} O-O {[%clk 0:10:57]} 12. Be2
{[%clk 0:10:38]} dxc4 {[%clk 0:10:13]} 13. Qxc4 {[%clk 0:10:34]} Qxc4
{[%clk 0:09:41]} 14. Bxc4 {[%clk 0:10:42]} Re8+ {[%clk 0:09:46]} 15. Kf2
{[%clk 0:10:29]} b5 {[%clk 0:08:52]} 16. Bb3 {[%clk 0:10:00]} Bb7
{[%clk 0:08:02]} 17. Bg5 {[%clk 0:09:17]} Nbd7 {[%clk 0:06:15]} 18. Rhe1
{[%clk 0:08:44]} Ne5 {[%clk 0:04:22]} 19. Rad1 {[%clk 0:07:00]} Rad8
{[%clk 0:03:57]} 20. Bxf6 {[%clk 0:06:20]} gxf6 {[%clk 0:04:05]} 21. Kg3
{[%clk 0:06:26]} Bc8 {[%clk 0:02:20]} 22. f4 {[%clk 0:05:51]} Nc4
{[%clk 0:00:27]} 23. Nc6 {[%clk 0:04:12]} Rxe1 {[%clk 0:00:12]} 24. Rxd8+
{[%clk 0:04:06]} Kg7 {[%clk 0:00:21]} 25. Bxc4 {[%clk 0:04:15]} bxc4
{[%clk 0:00:11]} 26. Rxc8 {[%clk 0:04:16]} Rb1 {[%clk 0:00:15]} 27. Nd4
{[%clk 0:04:09]} 1-0

[Event "c14"]
[Site "?"]
[Date "2020.08.25"]
[Round "4.7"]
[White "Bogusz, Alan"]
[Black "Trzebinski, Patryk"]
[Result "0-1"]
[BlackElo "1815"]
[WhiteElo "1626"]
[LiveChessVersion "1.4.8"]

1. e4 {[%clk 0:15:17]} c5 {[%clk 0:15:11]} 2. Nf3 {[%clk 0:15:26]} d6
{[%clk 0:15:17]} 3. d4 {[%clk 0:15:34]} cxd4 {[%clk 0:15:26]} 4. Nxd4
{[%clk 0:15:42]} Nf6 {[%clk 0:15:35]} 5. Nc3 {[%clk 0:15:50]} g6 {[%clk 0:15:44]}
6. Be3 {[%clk 0:15:58]} Bg7 {[%clk 0:15:54]} 7. Qd2 {[%clk 0:16:06]} Ng4
{[%clk 0:15:49]} 8. Bg5 {[%clk 0:15:59]} h6 {[%clk 0:15:53]} 9. Bh4
{[%clk 0:16:07]} O-O {[%clk 0:15:43]} 10. f3 {[%clk 0:15:29]} Ne5
{[%clk 0:15:49]} 11. O-O-O {[%clk 0:15:28]} Nbc6 {[%clk 0:15:54]} 12. Bf2
{[%clk 0:15:31]} Bd7 {[%clk 0:15:41]} 13. h3 {[%clk 0:15:36]} Na5
{[%clk 0:14:04]} 14. f4 {[%clk 0:13:40]} Nec4 {[%clk 0:14:02]} 15. Bxc4
{[%clk 0:13:32]} Nxc4 {[%clk 0:14:11]} 16. Qd3 {[%clk 0:13:04]} b5
{[%clk 0:14:12]} 17. g4 {[%clk 0:12:37]} Qa5 {[%clk 0:13:49]} 18. Nb3
{[%clk 0:10:47]} Qa6 {[%clk 0:12:12]} 19. Bd4 {[%clk 0:08:08]} Rfc8
{[%clk 0:10:41]} 20. Bxg7 {[%clk 0:07:23]} Kxg7 {[%clk 0:10:49]} 21. Kb1
{[%clk 0:06:46]} b4 {[%clk 0:10:24]} 22. Nd5 {[%clk 0:06:16]} Bb5
{[%clk 0:10:20]} 23. Qd4+ {[%clk 0:04:49]} e5 {[%clk 0:10:20]} 24. Qf2
{[%clk 0:04:17]} Bc6 {[%clk 0:07:53]} 25. fxe5 {[%clk 0:02:46]} Bxd5
{[%clk 0:06:25]} 26. Rxd5 {[%clk 0:02:19]} dxe5 {[%clk 0:06:24]} 27. Rf1
{[%clk 0:01:32]} Rc7 {[%clk 0:04:29]} 28. h4 {[%clk 0:00:48]} Ne3 29. Re1
{[%clk 0:00:22]} Nxd5 {[%clk 0:04:01]} 30. exd5 {[%clk 0:00:31]} Qd6
{[%clk 0:04:08]} 31. Qf3 {[%clk 0:00:24]} a5 {[%clk 0:04:04]} 32. Nd2
{[%clk 0:00:17]} Ra6 {[%clk 0:03:47]} 33. Rd1 {[%clk 0:00:14]} Qc5
{[%clk 0:03:36]} 34. Qe4 {[%clk 0:00:12]} Qd4 {[%clk 0:02:53]} 35. Qe2
{[%clk 0:00:20]} Raa7 {[%clk 0:01:48]} 36. Nf3 {[%clk 0:00:18]} Qxg4
{[%clk 0:00:49]} 37. Qxe5+ {[%clk 0:00:25]} f6 {[%clk 0:00:58]} 38. Qe3
{[%clk 0:00:12]} Rab7 {[%clk 0:00:40]} 39. d6 {[%clk 0:00:12]} Rd7
{[%clk 0:00:35]} 40. Qd3 {[%clk 0:00:15]} Rb6 {[%clk 0:00:36]} 41. Re1
{[%clk 0:00:11]} Rbxd6 {[%clk 0:00:34]} 42. Qf1 0-1

[Event "c14"]
[Site "?"]
[Date "2020.08.25"]
[Round "4.8"]
[White "Wojdak, Jan"]
[Black "Czernecki, Andrzej"]
[Result "1-0"]
[BlackElo "1507"]
[WhiteElo "1917"]
[LiveChessVersion "1.4.8"]

1. e4 {[%clk 0:15:19]} c5 {[%clk 0:15:20]} 2. Nf3 {[%clk 0:15:28]} d6
{[%clk 0:15:29]} 3. d4 {[%clk 0:15:37]} cxd4 {[%clk 0:15:38]} 4. Nxd4
{[%clk 0:15:47]} Nf6 {[%clk 0:15:47]} 5. Nc3 {[%clk 0:15:56]} Nc6
{[%clk 0:15:55]} 6. Bc4 {[%clk 0:16:05]} e6 {[%clk 0:16:02]} 7. Be3
{[%clk 0:16:14]} a6 {[%clk 0:16:08]} 8. Bb3 {[%clk 0:16:22]} Be7 {[%clk 0:16:14]}
9. Qe2 {[%clk 0:16:29]} Bd7 {[%clk 0:16:18]} 10. O-O {[%clk 0:16:29]} O-O
{[%clk 0:16:18]} 11. f4 {[%clk 0:16:24]} Rc8 {[%clk 0:15:59]} 12. Rad1
{[%clk 0:14:53]} b5 {[%clk 0:15:17]} 13. a3 {[%clk 0:15:02]} Qc7 {[%clk 0:14:39]}
14. f5 {[%clk 0:14:38]} Nxd4 {[%clk 0:13:48]} 15. Bxd4 {[%clk 0:14:47]} e5
{[%clk 0:11:39]} 16. Be3 {[%clk 0:14:51]} Bc6 {[%clk 0:11:47]} 17. Bg5
{[%clk 0:14:37]} h6 {[%clk 0:11:17]} 18. Bxf6 {[%clk 0:14:44]} Bxf6
{[%clk 0:11:26]} 19. Qd3 {[%clk 0:14:48]} Rfd8 {[%clk 0:11:13]} 20. Kh1
{[%clk 0:14:23]} Qb8 {[%clk 0:09:07]} 21. Bd5 {[%clk 0:13:33]} Be8
{[%clk 0:08:54]} 22. Ne2 {[%clk 0:09:51]} a5 {[%clk 0:08:50]} 23. b4
{[%clk 0:09:23]} axb4 {[%clk 0:07:17]} 24. axb4 {[%clk 0:09:33]} Qc7
{[%clk 0:07:26]} 25. c3 {[%clk 0:09:37]} Bc6 {[%clk 0:07:29]} 26. Bb3
{[%clk 0:08:52]} Qb7 {[%clk 0:07:34]} 27. Ng3 {[%clk 0:08:45]} Bh4
{[%clk 0:07:41]} 28. f6 gxf6 {[%clk 0:06:47]} 29. Qf3 {[%clk 0:07:14]} Bg5
{[%clk 0:04:02]} 30. Qg4 {[%clk 0:06:11]} Bd7 {[%clk 0:03:35]} 31. Nf5
{[%clk 0:04:54]} Bxf5 {[%clk 0:03:06]} 32. Rxf5 {[%clk 0:04:44]} Kh7
{[%clk 0:02:52]} 33. h4 {[%clk 0:04:30]} Bf4 {[%clk 0:03:01]} 34. Rxf6
{[%clk 0:04:22]} Rd7 {[%clk 0:02:22]} 35. Bxf7 {[%clk 0:03:37]} Rxf7
{[%clk 0:01:05]} 36. Qg6+ {[%clk 0:03:35]} Kh8 {[%clk 0:01:08]} 37. Rxf7
{[%clk 0:03:54]} 1-0

[Event "c14"]
[Site "?"]
[Date "2020.08.25"]
[Round "4.9"]
[White "Fiszer, Bartosz"]
[Black "Pisarek, Jan"]
[Result "1-0"]
[BlackElo "1517"]
[WhiteElo "1890"]
[LiveChessVersion "1.4.8"]

1. e4 {[%clk 0:15:16]} g6 {[%clk 0:15:17]} 2. d4 {[%clk 0:15:20]} Bg7
{[%clk 0:15:24]} 3. Nc3 {[%clk 0:15:27]} a6 {[%clk 0:15:33]} 4. f4
{[%clk 0:15:16]} b5 {[%clk 0:15:20]} 5. Nf3 {[%clk 0:15:18]} d6 {[%clk 0:15:11]}
6. Bd3 {[%clk 0:15:21]} Nd7 {[%clk 0:15:18]} 7. O-O {[%clk 0:15:04]} Bb7
{[%clk 0:15:23]} 8. e5 {[%clk 0:14:58]} Nh6 {[%clk 0:15:00]} 9. Qe2
{[%clk 0:14:13]} O-O {[%clk 0:15:00]} 10. Ne4 {[%clk 0:13:09]} Qb8
{[%clk 0:14:11]} 11. c3 {[%clk 0:12:51]} c5 {[%clk 0:13:52]} 12. Neg5
{[%clk 0:11:53]} Nb6 {[%clk 0:11:01]} 13. Kh1 {[%clk 0:10:31]} Qc7
{[%clk 0:10:17]} 14. Be3 {[%clk 0:08:41]} Nd5 {[%clk 0:08:27]} 15. Bd2
{[%clk 0:06:50]} Rac8 {[%clk 0:06:30]} 16. Rac1 {[%clk 0:04:36]} Qb6
{[%clk 0:05:33]} 17. Qf2 {[%clk 0:03:58]} cxd4 {[%clk 0:04:04]} 18. cxd4
{[%clk 0:03:57]} Rxc1 {[%clk 0:02:27]} 19. Rxc1 {[%clk 0:04:05]} Rd8
{[%clk 0:02:24]} 20. Qh4 {[%clk 0:02:42]} dxe5 {[%clk 0:02:01]} 21. fxe5
{[%clk 0:02:48]} Nc7 {[%clk 0:00:44]} 22. Qh3 {[%clk 0:00:49]} Bd5
{[%clk 0:00:31]} 23. Be3 {[%clk 0:00:24]} Ne6 {[%clk 0:00:29]} 24. Nxe6
{[%clk 0:00:23]} Qxe6 {[%clk 0:00:37]} 25. Qxe6 {[%clk 0:00:21]} fxe6
{[%clk 0:00:38]} 26. b3 {[%clk 0:00:28]} Nf5 {[%clk 0:00:46]} 27. Bf2
{[%clk 0:00:36]} Bh6 {[%clk 0:00:50]} 28. Rc7 {[%clk 0:00:44]} Kf8
{[%clk 0:00:53]} 29. Kg1 {[%clk 0:00:52]} Be3 {[%clk 0:00:43]} 30. Bxf5
{[%clk 0:00:37]} Bxf2+ {[%clk 0:00:51]} 31. Kxf2 {[%clk 0:00:45]} exf5
{[%clk 0:00:53]} 32. Ke3 {[%clk 0:00:46]} Ke8 {[%clk 0:00:38]} 33. Rc5
{[%clk 0:00:29]} e6 {[%clk 0:00:39]} 34. Rc7 {[%clk 0:00:35]} Rd7
{[%clk 0:00:42]} 35. Rc8+ {[%clk 0:00:43]} Kf7 {[%clk 0:00:44]} 36. Ng5+
{[%clk 0:00:47]} Kg7 {[%clk 0:00:36]} 37. g3 {[%clk 0:00:31]} h6 {[%clk 0:00:38]}
38. Nh3 {[%clk 0:00:39]} g5 {[%clk 0:00:43]} 39. Nf2 {[%clk 0:00:45]} Ra7
{[%clk 0:00:31]} 40. Nd3 {[%clk 0:00:27]} a5 {[%clk 0:00:30]} 41. Nc5
{[%clk 0:00:32]} a4 {[%clk 0:00:37]} 42. bxa4 {[%clk 0:00:40]} bxa4
{[%clk 0:00:45]} 43. a3 {[%clk 0:00:50]} Kf7 {[%clk 0:00:35]} 44. Rb8
{[%clk 0:00:55]} Kg7 {[%clk 0:00:39]} 45. Rb4 {[%clk 0:01:00]} Bb3
{[%clk 0:00:33]} 46. Rb6 {[%clk 0:00:23]} Kf7 {[%clk 0:00:31]} 47. Rb8
{[%clk 0:00:30]} Bd5 {[%clk 0:00:28]} 48. Rb6 {[%clk 0:00:33]} Ba2
{[%clk 0:00:26]} 49. Kd3 {[%clk 0:00:28]} Bd5 {[%clk 0:00:27]} 50. Kc3
{[%clk 0:00:30]} h5 {[%clk 0:00:18]} 51. Kd3 {[%clk 0:00:30]} Ba2
{[%clk 0:00:20]} 52. Ke3 {[%clk 0:00:28]} Bd5 {[%clk 0:00:28]} 53. h4
{[%clk 0:00:32]} gxh4 {[%clk 0:00:27]} 54. gxh4 {[%clk 0:00:41]} Bc4
{[%clk 0:00:23]} 55. Kf4 {[%clk 0:00:46]} Re7 {[%clk 0:00:14]} 56. Kg5
{[%clk 0:00:44]} Be2 {[%clk 0:00:15]} 57. Nxa4 {[%clk 0:00:44]} Ra7
{[%clk 0:00:21]} 58. Nc5 {[%clk 0:00:53]} Rxa3 {[%clk 0:00:29]} 59. Rb7+
{[%clk 0:01:02]} Ke8 {[%clk 0:00:30]} 60. Nxe6 {[%clk 0:01:01]} Rg3+
{[%clk 0:00:22]} 61. Kf6 {[%clk 0:01:06]} Bc4 {[%clk 0:00:17]} 62. Re7#
{[%clk 0:01:13]} 1-0

[Event "c14"]
[Site "?"]
[Date "2020.08.25"]
[Round "4.10"]
[White "Wilk, Igor"]
[Black "Matela, Krzysztof"]
[Result "0-1"]
[BlackElo "1706"]
[WhiteElo "1514"]
[LiveChessVersion "1.4.8"]

1. e4 {[%clk 0:15:18]} d5 {[%clk 0:15:17]} 2. exd5 {[%clk 0:15:25]} Nf6
{[%clk 0:15:26]} 3. d4 {[%clk 0:15:31]} Nxd5 {[%clk 0:15:35]} 4. Nf3
{[%clk 0:15:38]} Bg4 {[%clk 0:15:43]} 5. Be2 {[%clk 0:15:47]} Nc6
{[%clk 0:15:48]} 6. O-O {[%clk 0:15:51]} e6 {[%clk 0:15:57]} 7. h3
{[%clk 0:15:35]} Bf5 {[%clk 0:16:06]} 8. a3 {[%clk 0:15:39]} Be7 {[%clk 0:16:07]}
9. c4 {[%clk 0:15:26]} Nb6 {[%clk 0:16:15]} 10. Nc3 {[%clk 0:15:13]} O-O
{[%clk 0:16:21]} 11. Be3 {[%clk 0:15:01]} Bf6 {[%clk 0:16:20]} 12. Qd2
{[%clk 0:13:40]} Na5 {[%clk 0:16:08]} 13. Rad1 {[%clk 0:11:40]} Naxc4
{[%clk 0:16:06]} 14. Qc1 {[%clk 0:11:27]} Nxe3 {[%clk 0:15:10]} 15. fxe3
{[%clk 0:11:03]} Nd5 {[%clk 0:15:08]} 16. Nxd5 {[%clk 0:10:16]} exd5
{[%clk 0:15:06]} 17. Ne5 {[%clk 0:09:32]} Be6 {[%clk 0:14:54]} 18. Bd3
{[%clk 0:09:31]} Bxe5 {[%clk 0:15:00]} 19. dxe5 {[%clk 0:09:39]} Qg5
{[%clk 0:15:08]} 20. Rf3 {[%clk 0:09:09]} Qxe5 {[%clk 0:15:09]} 21. Rdf1
{[%clk 0:09:00]} f5 {[%clk 0:14:53]} 22. g4 {[%clk 0:08:38]} g6 {[%clk 0:14:06]}
23. gxf5 {[%clk 0:08:31]} Bxf5 {[%clk 0:14:15]} 24. Bxf5 {[%clk 0:07:43]} Rxf5
{[%clk 0:14:20]} 25. Rxf5 {[%clk 0:07:26]} gxf5 {[%clk 0:14:28]} 26. Kh1
{[%clk 0:07:26]} Kh8 {[%clk 0:14:29]} 27. Rg1 {[%clk 0:06:26]} Rg8
{[%clk 0:14:26]} 28. Rxg8+ Kxg8 {[%clk 0:14:34]} 29. Qg1+ {[%clk 0:05:53]} Qg7
{[%clk 0:14:42]} 30. Qf2 {[%clk 0:05:59]} Qe5 {[%clk 0:14:46]} 31. Qg2+
{[%clk 0:05:56]} Kf7 {[%clk 0:14:54]} 32. Qg5 {[%clk 0:05:58]} Qf6
{[%clk 0:14:54]} 33. Qh5+ {[%clk 0:05:57]} Qg6 {[%clk 0:15:03]} 34. Qf3
{[%clk 0:06:05]} c6 {[%clk 0:15:12]} 35. Qf4 {[%clk 0:06:11]} Qf6
{[%clk 0:15:14]} 36. Qc7+ {[%clk 0:06:00]} Qe7 {[%clk 0:15:23]} 37. Qc8
{[%clk 0:06:04]} Kg6 {[%clk 0:14:26]} 38. Qg8+ {[%clk 0:05:40]} Kh6
{[%clk 0:14:31]} 39. Qg3 {[%clk 0:05:20]} Qe4+ {[%clk 0:14:37]} 40. Kh2
{[%clk 0:05:22]} Qc2+ {[%clk 0:14:29]} 41. Kg1 {[%clk 0:05:29]} Qb1+
{[%clk 0:14:20]} 42. Kf2 {[%clk 0:05:37]} Qxb2+ {[%clk 0:14:11]} 43. Kf3
{[%clk 0:05:46]} Qf6 {[%clk 0:13:47]} 44. Qf4+ {[%clk 0:05:54]} Kg6
{[%clk 0:13:40]} 45. Qg3+ {[%clk 0:05:58]} Kf7 {[%clk 0:13:48]} 46. Qc7+
{[%clk 0:06:06]} Qe7 {[%clk 0:13:57]} 47. Qc8 {[%clk 0:06:03]} a6
{[%clk 0:13:30]} 48. Ke2 {[%clk 0:06:01]} Kf6 {[%clk 0:13:04]} 49. Qh8+
{[%clk 0:05:55]} Ke6 {[%clk 0:13:01]} 50. Qg8+ {[%clk 0:05:49]} Kd6
{[%clk 0:13:07]} 51. Qb8+ {[%clk 0:05:48]} Kc5 {[%clk 0:13:11]} 52. Qa7+
{[%clk 0:04:39]} Kb5 {[%clk 0:13:17]} 53. Kd2 {[%clk 0:04:31]} h5
{[%clk 0:13:09]} 54. Kc2 {[%clk 0:04:09]} Qc5+ {[%clk 0:13:18]} 0-1